000
00257nam a2200097Ia 4500
001
1206627
005
20251015093458.0
008
250824s9999 xx 000 0 und d
245
0
_a
DAMDAN DÜŞEN PSİKOLOG
_c
DOĞAN CÜCELOĞLU
260
_b
REMZİ KİTABEVİ
999
_c
1206627
_d
1206627